| 000 | 00359pam a2200157a 44500 | ||
|---|---|---|---|
| 008 | 230515b2006 xxu||||| |||| 00| 0 eng d | ||
| 020 | _aNULL | ||
| 041 | _aENG | ||
| 082 | _a612.15 | ||
| 100 | _aHarbanslal | ||
| 245 | _aBiochemistry for Bsc Nursing students | ||
| 250 | _aNULL | ||
| 260 |
_aNULL _b"C B S, nd, " _c2006 |
||
| 300 | _a272 | ||
| 650 | _aN.D. | ||
| 999 |
_c524903 _d524903 |
||